000 00631nam a2200301Ia 4500
005 20260401122431.0
008 008 250103s9999 xx 000 0 eng d
020 _a9781113156211
037 _aTB
040 _aEDL
040 _beng
040 _cEDL
041 _2eng
041 _aeng
084 _a811 EZR
084 _qEDL
100 _aPound, Ezra
_91232625
245 0 _aHugh Selwyn Mauberley
245 0 _cPound, Ezra
260 _aUSA
260 _bICGtesting.com
260 _c2014
300 _a28p
942 _cTB
942 _h811 EZR
999 _c1847240
_d1847240